000 00285nam a2200109Ia 4500
008 220204s9999 xx 000 0 und d
082 _a077.02
_bEIS
100 _aEisenstaedt, A
245 0 _aEisenstaedt's guide to photography
260 _aLondon
_bThames and Hudson
_c1978
942 _cBK
999 _c31320
_d31320